Preštepovanie ovocných stromov

Bibliographic Details
Main Author: Jablonský, Anton, 1903-1970 (Author)
Format: Article
Language:Slovak

MARC

LEADER 00000nab a2200000uu 4500
001 vtls010911771
003 SK-MaSNL
005 20260303142707.0
008 230222|1935 xo |||||||||||||||||slo|
015 |a SNBRB 
035 |a (urnnbn)urn:nbn:sk:snk:ar-a086ae 
035 |a (uuid)4a43a5b0-32da-4170-baba-3a8c0ffca016 
035 |a urn:nbn:sk:snk-ab90wf 
040 |a SNKBUCL  |b slo  |c SNKBUCL  |e AACR2 
041 0 |a slo 
044 |a xo  |c SK 
100 1 |a Jablonský, Anton,  |d 1903-1970  |4 aut  |9 120469 
245 1 0 |a Preštepovanie ovocných stromov  |c A. Jablonský 
773 0 |t Slovenské ovocinárstvo : odborný časopis pre povznesenie ovocinárstva, vinohradníctva a záhradníctva : orgán Slovenskej ovocinárskej spoločnosti a jej odbočiek  |g Roč. 12, č. 261 (1935), s. [29]-31 
954 |a odborná, vedecká literatúra pôvodná (slovenská)  |2 lita 
958 |a OND 
958 |a EUIPO 
958 |a article10 
999 |c 1985452  |d 1987382